| 000 | 00829nam a22002177a 4500 | ||
|---|---|---|---|
| 999 |
_c9913 _d9913 |
||
| 003 | AR-CdUCM | ||
| 008 | 190328b ||||| |||| 00| 0 spa d | ||
| 040 |
_aMUNICIPALIDAD PROVINCIAL DEL CUSCO _cBIBLIOTECA MUNICIPAL DEL CUSCO |
||
| 082 |
_a342.21 / _bN12 / 1935 |
||
| 110 |
_aSecretaria general de la sociedad _926452 |
||
| 245 | _aManual de la sociedad de las naciones / | ||
| 260 |
_aGinebra : _bOffice de publicite, brux, _c1935. |
||
| 300 |
_a196 páginas ; _bIlustraciones, _c15 cm. |
||
| 505 | _aContenido: Constitución y organización -- Actividad política -- Obra técnica -- Al margen de la sociedad -- Relación con el mundo exterior ... | ||
| 650 |
_aRelaciones exteriores _94428 |
||
| 650 |
_aSociedad _953 |
||
| 650 |
_aPolítica _9291 |
||
| 650 |
_aConstitución _92117 |
||
| 942 |
_2ddc _cLIBROS |
||
| 945 | _awnts | ||